[Event "Golden Cleopatra op"]
[Site "Cairo"]
[Date "2016.12.16"]
[Round "4"]
[White "El Amary, Kamal"]
[Black "Ahmed, Tamer"]
[Result "1/2-1/2"]
[WhiteElo "2252"]
[BlackElo "2030"]
[PlyCount "54"]
[EventDate "2016.12.13"]
[EventType "swiss"]
[EventRounds "10"]
[EventCountry "EGY"]
[SourceTitle "CBM 176 Extra"]
[Source "ChessBase"]
[SourceDate "2017.03.02"]
[SourceVersion "1"]
[SourceVersionDate "2017.03.02"]
[SourceQuality "1"]

1. d4 Nf6 2. Nf3 g6 3. g3 c5 4. c4 cxd4 5. Nxd4 Nc6 6. Bg2 Bg7 7. Nc3 Nxd4 8. Qxd4 0-0 9. 0-0 d6 10. Qd2 a6 11. b3 Rb8 12. Bb2 b5 13. cxb5 axb5 14. Nd5 Nxd5 15. Bxg7 Kxg7 16. Bxd5 Bf5 17. Rfc1 Kg8 18. a4 bxa4 19. Rxa4 Kg7 20. Rh4 h5 21. e4 Bg4 22. h3 Bd7 23. Rxh5 gxh5 24. Qg5+ Kh7 25. Qxh5+ Kg7 26. Qg5+ Kh7 27. e5 Rb5 1/2-1/2

[Event "Cairo Egyptian op"]
[Site "Cairo"]
[Date "2016.04.24"]
[Round "3"]
[White "Ahmed, Tamer"]
[Black "Amin, Essam"]
[Result "1-0"]
[WhiteElo "2006"]
[BlackElo "1811"]
[PlyCount "73"]
[EventDate "2016.04.22"]
[EventType "swiss"]
[EventRounds "9"]
[EventCountry "EGY"]
[SourceTitle "CBM 172 Extra"]
[Source "ChessBase"]
[SourceDate "2016.06.21"]
[SourceVersion "1"]
[SourceVersionDate "2016.06.21"]
[SourceQuality "1"]

1. d4 d6 2. c4 g6 3. Nc3 Bg7 4. Nf3 Nf6 5. e4 0-0 6. Be2 Nc6 7. 0-0 Bg4 8. Be3 e5 9. d5 Ne7 10. c5 Ne8 11. Nd2 Bxe2 12. Qxe2 f5 13. f3 f4 14. Bf2 h6 15. Nc4 g5 16. Rac1 b6 17. cxd6 Nxd6 18. a4 h5 19. Nb5 Qd7 20. h3 Rf6 21. Be1 Rb8 22. Bb4 Rg6 23. Rfd1 a6 24. Nc3 a5 25. Ba3 Nec8 26. Nb5 Bf8 27. Nd2 g4 28. fxg4 hxg4 29. hxg4 Rxg4 30. Rc3 Rh4 31. Nf3 Rg4 32. Rdc1 Ne7 33. Nxe5 Nxd5 34. Rxc7 Nxc7 35. Rxc7 Qe6 36. Qf3 Rg5 37. Qxf4 1-0

[Event "EGY-ch Masters"]
[Site "Cairo"]
[Date "2009.11.17"]
[Round "3.1"]
[White "Ibrahim, Hatim"]
[Black "Ahmed, Tamer"]
[Result "1-0"]
[WhiteElo "2328"]
[BlackElo "2088"]
[PlyCount "75"]
[EventDate "2009.11.15"]
[EventType "swiss"]
[EventRounds "8"]
[EventCountry "EGY"]
[SourceTitle "EXT 2024"]
[Source "ChessBase"]
[SourceDate "2023.10.10"]
[SourceVersion "1"]
[SourceVersionDate "2023.10.10"]
[SourceQuality "1"]

1. c4 Nf6 2. Nc3 c5 3. g3 g6 4. Bg2 Bg7 5. d3 Nc6 6. e4 0-0 7. Nge2 Rb8 8. 0-0 a6 9. a4 Ne8 10. Be3 d6 11. d4 cxd4 12. Nxd4 Nc7 13. h3 Ne6 14. Nde2 Bd7 15. f4 Nc5 16. e5 Be6 17. Nd5 Na5 18. Nxe7+ Qxe7 19. exd6 Qd8 20. Bxc5 Nxc4 21. Nd4 Bd7 22. Qe2 Nb6 23. Qf2 Nxa4 24. Ba7 Ra8 25. Nf3 Bb5 26. Rfd1 Nxb2 27. Bb6 Nxd1 28. Rxd1 Qc8 29. Ne5 Bd7 30. Qd2 Qe8 31. Re1 Bxe5 32. Rxe5 Be6 33. f5 gxf5 34. Qg5+ Kh8 35. Qf6+ Kg8 36. Rxf5 Bxf5 37. Bd4 Bg4 38. hxg4 1-0

[Event "Egypt op"]
[Site "Egypt"]
[Date "2009.07.25"]
[Round "5"]
[White "Ahmed, Tamer"]
[Black "Eldardery, Alaa"]
[Result "1-0"]
[WhiteElo "2068"]
[BlackElo "2228"]
[PlyCount "41"]
[EventDate "2009.07.20"]
[EventType "swiss"]
[EventRounds "9"]
[EventCountry "EGY"]
[SourceTitle "EXT 2011"]
[Source "ChessBase"]
[SourceDate "2010.11.26"]
[SourceVersion "1"]
[SourceVersionDate "2010.11.26"]
[SourceQuality "1"]

1. d4 d5 2. c4 e6 3. Nc3 Nf6 4. Nf3 c6 5. g3 Nbd7 6. cxd5 exd5 7. Bg2 Bd6 8. 0-0 0-0 9. Qc2 Qb6 10. Rb1 Re8 11. Be3 Qd8 12. b4 a6 13. a4 Nb6 14. b5 axb5 15. axb5 g6 16. Bg5 Bf5 17. e4 dxe4 18. Nh4 Nc4 19. Nxf5 Na3 20. Nh6+ Kg7 21. Qb3 1-0

[Event "Egypt op"]
[Site "Egypt"]
[Date "2009.07.22"]
[Round "3"]
[White "Ahmed, Tamer"]
[Black "Fahmy, Osama"]
[Result "0-1"]
[WhiteElo "2068"]
[BlackElo "2213"]
[PlyCount "108"]
[EventDate "2009.07.20"]
[EventType "swiss"]
[EventRounds "9"]
[EventCountry "EGY"]
[SourceTitle "EXT 2011"]
[Source "ChessBase"]
[SourceDate "2010.11.26"]
[SourceVersion "1"]
[SourceVersionDate "2010.11.26"]
[SourceQuality "1"]

1. Nf3 Nf6 2. d4 d5 3. g3 g6 4. Bg2 Bg7 5. 0-0 0-0 6. c4 c6 7. cxd5 cxd5 8. Nc3 Nc6 9. Ne5 e6 10. f4 Ne8 11. Kh1 Nd6 12. b3 Re8 13. Be3 f6 14. Nf3 Ne4 15. Rc1 Bd7 16. Nxe4 dxe4 17. Nd2 f5 18. Nc4 Qe7 19. Ne5 Red8 20. Qc2 Nb4 21. Qb2 Nd5 22. Bd2 Bb5 23. Ba5 b6 24. a4 Bxe5 25. axb5 Bd6 26. Bd2 Ba3 27. Qa2 Bxc1 28. Rxc1 Rac8 29. Rc4 Qd7 30. Qa6 Rxc4 31. bxc4 Nc7 32. Qxa7 Qxd4 33. h4 Qxd2 34. Qxc7 Qd6 35. Qb7 Qb8 36. Qe7 Rd6 37. e3 Qd8 38. Qb7 Rd3 39. Qc6 Qd6 40. Qa8+ Kg7 41. Qa1+ Kh6 42. Qf6 e5 43. Qg5+ Kg7 44. fxe5 Qxe5 45. h5 Qf6 46. h6+ Kf7 47. Qf4 Qd6 48. Qg5 Qc5 49. Qf4 Rxe3 50. Qb8 g5 51. Qh8 Kg6 52. Qg8+ Kh5 53. Qf7+ Kg4 54. Qd7 Re1+ 0-1

[Event "Golden Cleopatra op 7th"]
[Site "Cairo"]
[Date "2003.06.04"]
[Round "4"]
[White "Ahmed, Tamer"]
[Black "Al Qudaimi, Basheer"]
[Result "1-0"]
[WhiteElo "2148"]
[BlackElo "2385"]
[PlyCount "97"]
[EventDate "2003.06.03"]
[EventType "swiss"]
[EventRounds "10"]
[EventCountry "EGY"]
[SourceTitle "CBM 094 Extra"]
[Source "ChessBase"]
[SourceDate "2003.07.09"]
[SourceVersion "2"]
[SourceVersionDate "2003.07.09"]
[SourceQuality "1"]

1. d4 d5 2. c4 c6 3. Nf3 Nf6 4. Nc3 a6 5. cxd5 cxd5 6. Bf4 Nc6 7. e3 Bg4 8. Be2 e6 9. 0-0 Bxf3 10. Bxf3 Be7 11. a3 b5 12. b4 Rc8 13. Rc1 0-0 14. Re1 Qb6 15. Qb3 h6 16. Re2 g5 17. Be5 Nxe5 18. dxe5 Nd7 19. Rec2 Qb8 20. Bxd5 Rxc3 21. Rxc3 exd5 22. Rc7 Rd8 23. Qxd5 Nc5 24. Qc6 Nd3 25. Rxe7 Nxc1 26. h3 Qc8 27. Qf6 Ne2+ 28. Kh2 Rf8 29. e6 Qc3 30. Qxh6 Qg7 31. exf7+ Rxf7 32. Re8+ Rf8 33. Qe6+ Qf7 34. Qxf7+ Kxf7 35. Re5 Kg6 36. f3 Kf6 37. Rc5 Re8 38. e4 g4 39. hxg4 Rh8+ 40. Rh5 Rxh5+ 41. gxh5 Nd4 42. f4 Nc2 43. g4 Nxa3 44. g5+ Kf7 45. f5 a5 46. g6+ Kg8 47. f6 Nc4 48. bxa5 Ne5 49. a6 1-0